[Event "Kurpfalz Seniors op 11th"]
[Site "Ludwigshafen"]
[Date "2005.09.20"]
[Round "3"]
[White "Koellmer, Hans Peter"]
[Black "Borchardt, Norbert"]
[Result "1/2-1/2"]
[WhiteElo "1482"]
[BlackElo "1600"]
[PlyCount "144"]
[EventDate "2005.09.18"]
[EventType "swiss"]
[EventRounds "7"]
[EventCountry "GER"]
[SourceTitle "EXT 2007"]
[Source "ChessBase"]
[SourceDate "2006.11.23"]
[SourceVersion "1"]
[SourceVersionDate "2006.11.23"]
[SourceQuality "1"]

1. c4 Nf6 2. Nc3 e6 3. d4 d5 4. Bg5 Be7 5. e3 c6 6. Qc2 h6 7. Bh4 Nbd7 8. Nf3 0-0 9. c5 b6 10. cxb6 axb6 11. a3 c5 12. Bb5 Ba6 13. 0-0 Bxb5 14. Nxb5 Ra5 15. Nc3 Re8 16. Rfe1 Qc7 17. Bg3 Qb7 18. h3 Rea8 19. Reb1 c4 20. Nd2 b5 21. Qd1 Qa7 22. a4 bxa4 23. Ra2 Qa6 24. Bc7 Nb6 25. Rba1 Qb7 26. Bxb6 Qxb6 27. Nxa4 Qb5 28. Nb1 Nd7 29. Nbc3 Qb3 30. Qb1 Qb4 31. g3 Nb6 32. Nxb6 Qxb6 33. Rxa5 Rxa5 34. Rxa5 Qxa5 35. Qc2 Bb4 36. Ne2 g6 37. h4 Bd6 38. Kg2 Kg7 39. Qc3 Bb4 40. Qc2 Bd6 41. Qc3 Qc7 42. f4 Qe7 43. b3 cxb3 44. Qxb3 g5 45. hxg5 hxg5 46. Qd1 f5 47. Qh1 g4 48. Qh5 Qd8 49. Qg5+ Qxg5 50. fxg5 Be7 51. Nf4 Kf7 52. g6+ Kf6 53. Kf2 Bd6 54. Ke2 Bxf4 55. exf4 Kxg6 56. Kd3 Kf7 57. Kc3 Ke7 58. Kb4 Kd7 59. Kb5 Kd6 60. Kb4 Kc6 61. Kc3 Kb5 62. Kb3 Ka5 63. Ka3 Kb5 64. Kb3 Kc6 65. Ka4 Kd6 66. Kb4 Kc6 67. Ka4 e5 68. dxe5 Kc5 69. Kb3 d4 70. Kc2 Kd5 71. Kd3 Kc5 72. Kc2 Kd5 1/2-1/2